00410 2200157 4500001002100000005001500021035002000036245007400056100004300130250000600173300001200179260002700191082000800218084001400226990001200240INLIS00000000000250620250604113120 a0010-06250000921 aMenyingkap Misteri Kematian /cAli Ridho Maulachela, Ali Al-Mutamakin0 aAli Ridho Maulachela, Ali Al-Mutamakin a1 a139 hlm bPustaka Zawiyah,c2005 a200 a200 ALI m a0712310